LEADER 00910nam0-2200325---450- 001 990009451670403321 005 20111129135405.0 010 $a978-88-15-11613-0 035 $a000945167 035 $aFED01000945167 035 $a(Aleph)000945167FED01 035 $a000945167 100 $a20111014d2007----km-y0itay50------ba 101 1 $aita$cger 102 $aIT 105 $a--------001yy 200 1 $aStoria dell'India$fDietmar Rothermund 210 $aBologna$cil Mulino$d2007 215 $a135 p.$d21 cm 225 1 $aUniversale paperbacks Il mulino$v527 610 0 $aIndia$aStoria 676 $a954 700 1$aRothermund,$bDietmar$0121583 801 0$aIT$bUNINA$gRICA$2UNIMARC 901 $aBK 912 $a990009451670403321 952 $a954 ROT 1$bDip.Disc.St. 11882$fFLFBC 959 $aFLFBC 996 $aGeschichte Indiens. Vom Mittelalter bis zur Gegenwart$915956 997 $aUNINA